Wszystkie filmy z Louisem de Funesem - Statystyki

Ogólne statystyki
  • Ten quiz został rozwiązany 9 razy
  • Średni wynik to 13 z 159
Statystyki odpowiedzi
Rok Film % Poprawnych
1976 Skrzydełko czy nóżka
88%
Żandarm się żeni
88%
Żandarm w Nowym Jorku
88%
1979 Żandarm i kosmici
75%
Żandarm z Saint Tropez
75%
Fantomas
63%
1980 Skąpiec
63%
Żandarm na emeryturze
63%
1969 Hibernatus
50%
1981 Kapuśniaczek
50%
1978 Panowie dbajcie o żony
50%
Wielka włóczęga
50%
Wielkie wakacje
50%
1982 Żandarm i policjantki
50%
1971 Zawieszeni na drzewie
50%
Mania wielkości
38%
Oskar
38%
1968 Zwariowany weekend/ Mały Pływak
38%
1970 Człowiek orkiestra
25%
Fantomas powraca
25%
1965 Gamoń
25%
1973 Przygody Rabina Jakuba
25%
1966 Sławna restauracja
25%
Człowiek z tatuażem
13%
1967 Fantomas kontra Scotland Yard
13%
Jo
13%
Karambole
13%
Wąchać kwiatki od spodu
13%
Ach, ten łobuz
0%
Ach te piękne kobietki
0%
Agencja matrymonialna
0%
1958 Ani widu, ani słychu
0%
Antoni i Antonina
0%
Babki tworzą prawo
0%
Bez adresu
0%
Bezbarwna ulica
0%
Bibi Fritcotin
0%
Boss w spódnicy
0%
Boża zabawka
0%
Brachol z Senegalu
0%
Byłem trzy razy
0%
Było ich pięciu
0%
Cygański kompan
0%
Czarny rynek w Paryżu
0%
Czerwona róża
0%
Diabelskie sztuczki
0%
Długie zęby
0%
Do diabła z cnotą
0%
Do jutra przy granicznym słupie
0%
1950 Do widzenia, Panie Grock
0%
1949 Du Guesclin
0%
Dziwne życzenie pana Barda
0%
Fraternite
0%
Frou-Frou
0%
Gdyby Paryż mi to opowiedział
0%
Gentelman z Epsom
0%
Gracze
0%
Huzarzy
0%
Indyk
0%
1955 Ingrid- Die Geschichte eines Fotomodels
0%
Intryganci
0%
Jakiś pan
0%
1957 Jak włos w zupie
0%
1960 Jak zdobyć miliard
0%
Jednodniowi milionerzy
0%
Jego rybki
0%
Kandyd, czyli optymizm XX wieku
0%
1961 Kapitan Fracasse
0%
Kapitan Pantoufle
0%
Kocham tylko ciebie
0%
1963 Koko
0%
Korsarze z lasku bolońskiego
0%
Krążownik szos
0%
Królowa Margot
0%
Kuszenie Barbizona
0%
La belle au bois dortmant
0%
Ladacznica z zasadami
0%
La Familie Anodin
0%
La junge en folie
0%
La puce a l'oreille
0%
1953 La servante
0%
La tournee des grands Ducs
0%
1952 Le grillon du foyer
0%
Lekko i krótko ubrana
0%
1954 Le recensement
0%
L'inconnue de Montreal
0%
Lunatyk
0%
Męki
0%
Mężczyźni myślą tylko o tym
0%
Miłość nie jest grzechem
0%
Miłość pod parasolem
0%
1948 Minąć się z nieznajomym
0%
Misja w Tangarze
0%
Mistrzowie Juniorów
0%
Moja kobieta jest wspaniała
0%
Mój przyjaciel Sainfoin
0%
Naiwne dzieci
0%
1964 Napad na bank
0%
Napoleon
0%
Na wczasach z burmistrzem
0%
Nieczyści
0%
Nocne polowanie na wilki
0%
Nocny rycerz
0%
Nokaut
0%
Ona jest moja
0%
Ósmy cud świata
0%
1947 Ostatnie schronienie
0%
Pan Bla-bla-bla
0%
Pani niewiniątko
0%
Pan Leguignon, latarnik
0%
Paryskie wróble
0%
Paryski listonosz
0%
Pasek ojca
0%
Pięcioraczki
0%
Podróż do Ameryki
0%
Pokaż się
0%
Półgłówek
0%
Poznane nocą
0%
Pozwolenie na zemstę
0%
Prawo ulicy
0%
Przechodzień
0%
Przy drzwiach zamkniętych
0%
Przypadkowe Randez-vous
0%
Quai de Grenelle
0%
Sceny małżeńskie
0%
Sekret Helene Marimon
0%
Siedem grzechów głównych
0%
Słodkie małżeństwo
0%
Słomiany amant
0%
Śmiech
0%
Spotkanie lipcowe
0%
Stewardessy
0%
Stracone 6 godzin
0%
Światło księżyca w Maubeuge
0%
Sypialnia wielkich
0%
Szczęściarze
0%
1951 Szkatułka na sprzedaż
0%
Taksówka numer 3886
0%
Tambour battant
0%
Tata, mama, gosposia i ja
0%
Tata, mama, moja kobieta i ja
0%
Taxi, ruletka i corrida
0%
1959 Toto w Madrycie
0%
Trucizna
0%
Ucieczka pana Perle
0%
1956 Uśmiech na dzień dobry
0%
Weekend naszej miłości
0%
Weekend w Paryżu
0%
Wielki pan
0%
Wybierzmy się do Deauville
0%
Zagmatwani
0%
Zamek ostatniej szansy
0%
Zaufaj mi
0%
Zboże w trawie
0%
1962 Zbrodnia nie popłaca
0%
Znikający trup
0%
Życie jest grą
0%
Życie uczciwego człowieka
0%
Życie we dwoje
0%
Nie znaleziono quizów pasujących do podanych kryteriów
Rozkład punktacji
Procent ludzi z każdym wynikiem
Percentyl według liczby udzielonych odpowiedzi
Twoja historia wyników
Nie rozwiązałeś tego quizu